Statistiken für One Piece - Alle bisherigen Strohhut Kopfgelder (Stand nach Wano)

Klicken Sie hier um das Quiz zu spielen!

Allgemein

  • Dieses Quiz wurde 256 mal gespielt
  • Das Durchschnittsergebnis liegt bei 20 aus 38

Antwortstatistiken

HintAntwort% Korrekt
100
97%
Chopper50
97%
1000
95%
Lysop30.000.000
95%
Ruffy30.000.000
95%
500.000.000
93%
500.000.000
93%
100.000.000
92%
300.000.000
91%
400.000.000
91%
1.500.000.000
87%
3.000.000.000
87%
Zorro60.000.000
73%
80.000.000
68%
200.000.000
65%
120.000.000
61%
320.000.000
48%
Nami16.000.000
47%
Robin79.000.000
44%
1.100.000.000
43%
Brook33.000.000
43%
130.000.000
33%
66.000.000
33%
250.000.000
31%
330.000.000
31%
Sanji77.000.000
30%
1,111.000.000
27%
Franky44.000.000
27%
83.000.000
20%
94.000.000
20%
366.000.000
18%
383.000.000
13%
1.032.000.000
12%
177.000.000
12%
394.000.000
12%
930.000.000
12%
Jinbei76.000.000
8%
438.000.000
6%

Verteilung der Resultate

Perzentil nach korrekt beantworteten Fragen

Anzahl Personen mit jedem Resultat

Ihre Resultats-Entwicklung

Sie haben dieses Quiz noch nicht gespielt